000 00701nam a2200205Ia 4500
003 GCL
008 140319s9999 xx 000 0 ara d
040 _aGCL /
_cGCL
082 0 4 _a623.74752
_bح م
100 1 _aسامح ابوالهدى
245 1 0 _aالموسوعة الشاملة للدبابات ومركبات القتال /
_cسامح ابوالهدى
700 1 _aحمزة البشتاوى
260 _aبيروت :
_bمؤسسة دار الكتاب الحديث ،
_c1998
300 _a378 ص ؛
_c32 سم
650 0 4 _aالصناعات الحربية
650 0 4 _aالدبابات
650 0 4 _aالدبابات البرمائية
650 0 4 _aالمدرعات
942 _2ddc
_cBK
999 _c6318
_d6318